000
00213nam a2200085Ia 4500
008
180219s9999 xx 000 0 und d
100
_a
Soni Romila
245
0
_a
Early Childhood Education An Introducation
260
_a
N.C.E.R.T
260
_c
2008
999
_c
42726
_d
42726